[Event "Madrid-ch Sub12 2022"]
[Site "Madrid ESP"]
[Date "2022.04.02"]
[Round "1.1"]
[White "Rey Martinez, Jaime"]
[Black "Bozhkov Stoyanov, Cristopher"]
[Result "1-0"]
[WhiteElo "2133"]
[BlackElo "1395"]
[PlyCount "81"]
[EventDate "2022.04.02"]
[EventType "swiss"]
[EventRounds "6"]
[EventCountry "ESP"]
[SourceTitle "Ajedrez en Madrid"]
[Source "lmi"]
[SourceDate "2022.07.30"]
[SourceVersion "1"]
[SourceVersionDate "2022.07.30"]
[SourceQuality "1"]

1. e4 c5 2. Nf3 Nc6 3. d4 cxd4 4. Nxd4 e6 5. Nc3 Bc5 6. Be3 Bxd4 7. Bxd4 e5 8.
Bc5 a6 9. Nd5 Qa5+ 10. b4 Qd8 11. Bb6 Qh4 12. Nc7+ Kf8 13. Bc5+ Nge7 14. Nxa8
Qxe4+ 15. Qe2 Qxe2+ 16. Bxe2 g6 17. Nb6 Kg7 18. Rd1 Nf5 19. c3 a5 20. a3 axb4
21. axb4 d5 22. Nxc8 Rxc8 23. Rxd5 Nd8 24. Rxe5 Ne6 25. O-O b6 26. g4 Nh4 27.
Bxb6 Rxc3 28. Rxe6 Rc2 29. Re3 g5 30. Bd4+ f6 31. Ra1 Rc7 32. b5 Ng6 33. b6 Rc8
34. Bf3 Nf4 35. b7 Rb8 36. Ba7 Rxb7 37. Bxb7 Ng6 38. Be4 Ne5 39. Bd4 Nxg4 40.
Ra7+ Kf8 41. Rb3 1-0

[Event "Madrid-ch Sub12 2022"]
[Site "Madrid ESP"]
[Date "2022.04.02"]
[Round "1.2"]
[White "Sanchez Villodres, Mario"]
[Black "Feal Albala, Alonso"]
[Result "0-1"]
[WhiteElo "1388"]
[BlackElo "1842"]
[PlyCount "62"]
[EventDate "2022.04.02"]
[EventType "swiss"]
[EventRounds "6"]
[EventCountry "ESP"]
[SourceTitle "Ajedrez en Madrid"]
[Source "lmi"]
[SourceDate "2022.07.30"]
[SourceVersion "1"]
[SourceVersionDate "2022.07.30"]
[SourceQuality "1"]

1. d4 Nf6 2. c4 c5 3. d5 d6 4. Nc3 g6 5. h3 Bg7 6. e4 O-O 7. Nf3 e6 8. Be2 exd5
9. exd5 Nbd7 10. O-O a6 11. a4 Re8 12. Re1 Ne4 13. Nxe4 Rxe4 14. Qc2 Re8 15.
Rb1 Ne5 16. Bd2 Bf5 17. Qc1 Bxb1 18. Qxb1 a5 19. Qc1 Qb6 20. Bc3 Re7 21. h4
Rae8 22. Bxe5 Bxe5 23. Nxe5 Rxe5 24. Qc2 Qd8 25. g3 g5 26. h5 Qe7 27. Kf1 g4
28. h6 Qg5 29. Qc3 Qxh6 30. f4 Qh1+ 31. Kf2 Qh2+ 0-1

[Event "Madrid-ch Sub12 2022"]
[Site "Madrid ESP"]
[Date "2022.04.02"]
[Round "1.3"]
[White "Jimenez Carrazoni, Marta Elena"]
[Black "Lopez Lopez, Pablo"]
[Result "1-0"]
[WhiteElo "1528"]
[BlackElo "1238"]
[PlyCount "83"]
[EventDate "2022.04.02"]
[EventType "swiss"]
[EventRounds "6"]
[EventCountry "ESP"]
[SourceTitle "Ajedrez en Madrid"]
[Source "lmi"]
[SourceDate "2022.07.30"]
[SourceVersion "1"]
[SourceVersionDate "2022.07.30"]
[SourceQuality "1"]

1. d4 d6 2. e4 g6 3. Nc3 Bg7 4. Be3 Nf6 5. f3 Nbd7 6. Qd2 O-O 7. O-O-O e5 8. d5
Kh8 9. Bh6 Ng8 10. Bxg7+ Kxg7 11. g4 Nc5 12. h4 Nf6 13. h5 Ng8 14. hxg6 fxg6
15. Qh2 Qg5+ 16. Kb1 h6 17. Bg2 Qf4 18. Qh4 Qf6 19. Qg3 Qf4 20. Qe1 Qf6 21. Nh3
Bd7 22. Qd2 g5 23. Ng1 Be8 24. Nge2 Rc8 25. Ng3 Ne7 26. Rh3 Qf4 27. Qe2 Bg6 28.
Rdh1 Rh8 29. Bf1 Qf7 30. Qh2 Ng8 31. Be2 a6 32. Nd1 Qf4 33. Qg1 Ne7 34. Ne3
Rcf8 35. Ng2 Qf7 36. Qh2 Ng8 37. Ne3 Nd7 38. Nef5+ Bxf5 39. Nxf5+ Kg6 40. Rxh6+
Nxh6 41. Qxh6+ Rxh6 42. Rxh6# 1-0

[Event "Madrid-ch Sub12 2022"]
[Site "Madrid ESP"]
[Date "2022.04.02"]
[Round "1.4"]
[White "Rico Ropero, Marcos"]
[Black "Melgar Morraja, Mateo"]
[Result "0-1"]
[WhiteElo "1231"]
[BlackElo "1463"]
[PlyCount "124"]
[EventDate "2022.04.02"]
[EventType "swiss"]
[EventRounds "6"]
[EventCountry "ESP"]
[SourceTitle "Ajedrez en Madrid"]
[Source "lmi"]
[SourceDate "2022.07.30"]
[SourceVersion "1"]
[SourceVersionDate "2022.07.30"]
[SourceQuality "1"]

1. d4 d5 2. e3 Bf5 3. Bd3 Bg6 4. Nf3 Nf6 5. O-O e6 6. Re1 Be7 7. Nc3 Nbd7 8. e4
dxe4 9. Nxe4 Nxe4 10. Bxe4 Bxe4 11. Rxe4 Nf6 12. Re1 O-O 13. Bf4 Bd6 14. Bg5 h6
15. Bh4 Be7 16. c4 c6 17. c5 Nd5 18. Bxe7 Qxe7 19. Ne5 Rad8 20. Qa4 Qc7 21. b4
a6 22. Qb3 Ne7 23. Rad1 Nf5 24. a4 Rxd4 25. Rxd4 Nxd4 26. Qc3 Rd8 27. Nc4 Nf5
28. h3 Qe7 29. g3 Rd5 30. Nb6 Rd8 31. Nc4 Qg5 32. Ne5 Qf6 33. Qf3 Rd5 34. Ng4
Qd8 35. a5 Rd3 36. Qg2 Rd1 37. Qf1 Rxe1 38. Qxe1 Nd4 39. Qd1 Qd5 40. Nh2 Qc4
41. Nf3 Nxf3+ 42. Qxf3 Qxb4 43. Qd3 Qxa5 44. Qd6 Qa1+ 45. Kg2 Qb2 46. Qd8+ Kh7
47. Qd3+ g6 48. Qf3 Kg7 49. Qd1 Qe5 50. Qc2 a5 51. f4 Qd5+ 52. Kh2 a4 53. Qb2+
Kg8 54. Qxb7 Qxc5 55. Qa8+ Kh7 56. Qxa4 Qf2+ 57. Kh1 Qxg3 58. Qxc6 Qxh3+ 59.
Kg1 Qg3+ 60. Kf1 Qxf4+ 61. Ke1 h5 62. Qh1 Qc1+ 0-1

[Event "Madrid-ch Sub12 2022"]
[Site "Madrid ESP"]
[Date "2022.04.02"]
[Round "1.5"]
[White "Mata Medina, Andres"]
[Black "Morales Clares, Aaron"]
[Result "1-0"]
[WhiteElo "1439"]
[BlackElo "1130"]
[PlyCount "59"]
[EventDate "2022.04.02"]
[EventType "swiss"]
[EventRounds "6"]
[EventCountry "ESP"]
[SourceTitle "Ajedrez en Madrid"]
[Source "lmi"]
[SourceDate "2022.07.30"]
[SourceVersion "1"]
[SourceVersionDate "2022.07.30"]
[SourceQuality "1"]

1. d4 d5 2. c4 e6 3. Nc3 Be7 4. Nf3 Nf6 5. Bg5 O-O 6. e3 c6 7. Bd3 Nbd7 8. O-O
b6 9. Qc2 Bb7 10. cxd5 cxd5 11. Ne5 h6 12. Bh4 Nxe5 13. dxe5 Nd7 14. Bxe7 Qxe7
15. f4 Rac8 16. Qe2 Nc5 17. h3 Nxd3 18. Qxd3 Qh4 19. Kh2 g5 20. Qe2 Kh8 21. g3
Ba6 22. Qd1 Bxf1 23. gxh4 Ba6 24. hxg5 d4 25. exd4 Rg8 26. Qh5 Rg7 27. gxh6 Rh7
28. Rg1 Bb7 29. Qg5 f5 30. Qf6+ 1-0

[Event "Madrid-ch Sub12 2022"]
[Site "Madrid ESP"]
[Date "2022.04.02"]
[Round "1.6"]
[White "Pantiga Aguilar, Alejandro"]
[Black "Zhao, Yuyang"]
[Result "0-1"]
[WhiteElo "1130"]
[BlackElo "1438"]
[PlyCount "66"]
[EventDate "2022.04.02"]
[EventType "swiss"]
[EventRounds "6"]
[EventCountry "ESP"]
[SourceTitle "Ajedrez en Madrid"]
[Source "lmi"]
[SourceDate "2022.07.30"]
[SourceVersion "1"]
[SourceVersionDate "2022.07.30"]
[SourceQuality "1"]

1. e4 c5 2. Nf3 Nc6 3. d4 e6 4. Be2 d5 5. Nc3 Nf6 6. Bg5 Be7 7. exd5 exd5 8.
O-O O-O 9. Re1 h6 10. Bh4 Bf5 11. Rc1 g5 12. Bg3 Ne4 13. Nxe4 dxe4 14. Ne5 cxd4
15. Nxc6 bxc6 16. Bg4 Bxg4 17. Qxg4 f5 18. Qh5 Kh7 19. Be5 Bf6 20. Bxf6 Rxf6
21. Rcd1 c5 22. f3 e3 23. c3 f4 24. h4 Rg6 25. cxd4 cxd4 26. hxg5 Rxg5 27. Qf7+
Kh8 28. Qxf4 Rb8 29. Rxd4 Qb6 30. Rxe3 Rbg8 31. Re2 Qg6 32. Rdd2 Qb1+ 33. Kh2
Rh5+ 0-1

[Event "Madrid-ch Sub12 2022"]
[Site "Madrid ESP"]
[Date "2022.04.02"]
[Round "1.7"]
[White "Rodriguez Claes, Adrian"]
[Black "Collado Perez, Marcos"]
[Result "1/2-1/2"]
[WhiteElo "1430"]
[BlackElo "1118"]
[PlyCount "57"]
[EventDate "2022.04.02"]
[EventType "swiss"]
[EventRounds "6"]
[EventCountry "ESP"]
[SourceTitle "Ajedrez en Madrid"]
[Source "lmi"]
[SourceDate "2022.07.30"]
[SourceVersion "1"]
[SourceVersionDate "2022.07.30"]
[SourceQuality "1"]

1. e4 c5 2. Nf3 Nc6 3. d4 cxd4 4. Nxd4 g6 5. c4 Bg7 6. Be3 d6 7. Nc3 Nf6 8. Be2
O-O 9. O-O Bd7 10. Bf3 Ne5 11. Be2 Rc8 12. b3 a6 13. f4 Nc6 14. Bf3 Nxd4 15.
Bxd4 Bc6 16. e5 dxe5 17. fxe5 Nd7 18. Nd5 Nxe5 19. Bxe5 Bxe5 20. Re1 Bxd5 21.
Rxe5 Bxf3 22. gxf3 Qb6+ 23. Kg2 Rfd8 24. Qe1 e6 25. Re2 Rd3 26. Rd1 Rcd8 27.
Red2 Rxd2+ 28. Rxd2 Rxd2+ 29. Qxd2 1/2-1/2

[Event "Madrid-ch Sub12 2022"]
[Site "Madrid ESP"]
[Date "2022.04.02"]
[Round "1.8"]
[White "Ibañez Valentin, Gabriel"]
[Black "Herraiz Ciudad, Miguel"]
[Result "0-1"]
[WhiteElo "1105"]
[BlackElo "1426"]
[PlyCount "78"]
[EventDate "2022.04.02"]
[EventType "swiss"]
[EventRounds "6"]
[EventCountry "ESP"]
[SourceTitle "Ajedrez en Madrid"]
[Source "lmi"]
[SourceDate "2022.07.30"]
[SourceVersion "1"]
[SourceVersionDate "2022.07.30"]
[SourceQuality "1"]

1. e4 e5 2. Nf3 Nc6 3. Bc4 Nf6 4. d3 Bc5 5. c3 O-O 6. Be3 Bxe3 7. fxe3 d5 8.
exd5 Nxd5 9. Qe2 Nb6 10. Bb3 Re8 11. O-O Be6 12. Bxe6 Rxe6 13. Nbd2 h6 14. Nb3
Qe7 15. e4 Na4 16. Qc2 Nc5 17. Rad1 Nxb3 18. Qxb3 Na5 19. Qb5 b6 20. Nd2 Nb7
21. Qd5 Qc5+ 22. Qxc5 Nxc5 23. Nb3 Nxb3 24. axb3 Rd8 25. Rf3 a5 26. Kf2 f6 27.
Ra1 c5 28. Ra4 Kf7 29. Rg3 Red6 30. Ke2 g5 31. Ra1 h5 32. Rd1 b5 33. c4 bxc4
34. bxc4 Rb6 35. Ra1 Rxb2+ 36. Ke3 Ra8 37. Ra4 Rb4 38. Rxb4 axb4 39. Rf3 Ra2
0-1

[Event "Madrid-ch Sub12 2022"]
[Site "Madrid ESP"]
[Date "2022.04.03"]
[Round "2.1"]
[White "Melgar Morraja, Mateo"]
[Black "Rey Martinez, Jaime"]
[Result "0-1"]
[WhiteElo "1463"]
[BlackElo "2133"]
[PlyCount "60"]
[EventDate "2022.04.02"]
[EventType "swiss"]
[EventRounds "6"]
[EventCountry "ESP"]
[SourceTitle "Ajedrez en Madrid"]
[Source "lmi"]
[SourceDate "2022.07.30"]
[SourceVersion "1"]
[SourceVersionDate "2022.07.30"]
[SourceQuality "1"]

1. e4 c5 2. Nf3 e6 3. d4 cxd4 4. Nxd4 Nf6 5. Nc3 Nc6 6. Ndb5 Bb4 7. a3 Bxc3+ 8.
Nxc3 d5 9. exd5 exd5 10. Bd3 O-O 11. O-O Bg4 12. Ne2 h6 13. h3 Bh5 14. Bf4 Re8
15. Qd2 Ne4 16. Bxe4 Bxe2 17. Qxe2 dxe4 18. Be3 Qh4 19. Rad1 Ne5 20. Bd4 Ng6
21. Be3 f5 22. Qc4+ Kh7 23. Qc3 Re7 24. Kh2 Rg8 25. g3 Qh5 26. Rd5 Qf3 27. Bd4
e3 28. Rc5 f4 29. gxf4 Nxf4 30. Bxe3 Qg2# 0-1

[Event "Madrid-ch Sub12 2022"]
[Site "Madrid ESP"]
[Date "2022.04.03"]
[Round "2.2"]
[White "Feal Albala, Alonso"]
[Black "Mata Medina, Andres"]
[Result "1-0"]
[WhiteElo "1842"]
[BlackElo "1439"]
[PlyCount "41"]
[EventDate "2022.04.02"]
[EventType "swiss"]
[EventRounds "6"]
[EventCountry "ESP"]
[SourceTitle "Ajedrez en Madrid"]
[Source "lmi"]
[SourceDate "2022.07.30"]
[SourceVersion "1"]
[SourceVersionDate "2022.07.30"]
[SourceQuality "1"]

1. e4 e5 2. Nf3 Nc6 3. Bb5 a6 4. Ba4 d6 5. O-O Bd7 6. c3 Nge7 7. d4 Ng6 8. Re1
Be7 9. Nbd2 h6 10. Nf1 Bg5 11. Ng3 Bxc1 12. Rxc1 Nf4 13. Bxc6 bxc6 14. dxe5 d5
15. exd5 cxd5 16. Qd4 Ng6 17. Qxd5 O-O 18. Nd4 Nf4 19. Qe4 Qg5 20. Nf3 f5 21.
Qd4 1-0

[Event "Madrid-ch Sub12 2022"]
[Site "Madrid ESP"]
[Date "2022.04.03"]
[Round "2.3"]
[White "Zhao, Yuyang"]
[Black "Jimenez Carrazoni, Marta Elena"]
[Result "0-1"]
[WhiteElo "1438"]
[BlackElo "1528"]
[PlyCount "124"]
[EventDate "2022.04.02"]
[EventType "swiss"]
[EventRounds "6"]
[EventCountry "ESP"]
[SourceTitle "Ajedrez en Madrid"]
[Source "lmi"]
[SourceDate "2022.07.30"]
[SourceVersion "1"]
[SourceVersionDate "2022.07.30"]
[SourceQuality "1"]

1. d4 d5 2. Bf4 e6 3. Nf3 Bd6 4. Bg3 Nf6 5. e3 b6 6. a4 Bb7 7. c3 O-O 8. Bd3 c5
9. Nbd2 Qc7 10. b3 Rd8 11. Qc2 Nbd7 12. O-O Bxg3 13. fxg3 Rac8 14. Rac1 e5 15.
e4 cxd4 16. cxd4 Qxc2 17. Rxc2 dxe4 18. Rxc8 Rxc8 19. dxe5 exf3 20. exf6 fxg2
21. Re1 Nxf6 22. Re7 Rc1+ 23. Nf1 gxf1=Q+ 24. Bxf1 Bc8 25. Kf2 Kf8 26. Rxa7
Ng4+ 27. Ke2 Nxh2 28. Bg2 Rc2+ 29. Kd3 Rxg2 30. Ra8 Rxg3+ 31. Kc4 Ke7 32. Rxc8
g6 33. Rc7+ Kf8 34. Rb7 Ng4 35. Rxb6 Ne5+ 36. Kd5 Nd7 37. Rb4 Rd3+ 38. Kc6 h5
39. a5 Ne5+ 40. Kc5 Rd8 41. Ra4 Nd3+ 42. Kb6 Rd6+ 43. Kb5 Rd8 44. Kb6 Rb8+ 45.
Kc7 Re8 46. Kc6 f5 47. a6 Ne5+ 48. Kc7 Re7+ 49. Kd6 Nd7 50. a7 Nb6 51. a8=N
Nxa8 52. Rxa8+ Kf7 53. b4 f4 54. b5 f3 55. Ra1 Re6+ 56. Kc7 Re7+ 57. Kd6 f2 58.
Rf1 Re2 59. b6 Rd2+ 60. Kc7 Rc2+ 61. Kd6 Ke8 62. Rb1 Rb2 0-1

[Event "Madrid-ch Sub12 2022"]
[Site "Madrid ESP"]
[Date "2022.04.03"]
[Round "2.4"]
[White "Herraiz Ciudad, Miguel"]
[Black "Rodriguez Claes, Adrian"]
[Result "1/2-1/2"]
[WhiteElo "1426"]
[BlackElo "1430"]
[PlyCount "132"]
[EventDate "2022.04.02"]
[EventType "swiss"]
[EventRounds "6"]
[EventCountry "ESP"]
[SourceTitle "Ajedrez en Madrid"]
[Source "lmi"]
[SourceDate "2022.07.30"]
[SourceVersion "1"]
[SourceVersionDate "2022.07.30"]
[SourceQuality "1"]

1. e4 c5 2. c3 Nf6 3. e5 Nd5 4. Nf3 e6 5. Be2 d6 6. d4 b6 7. O-O Nc6 8. c4 Nc7
9. Re1 cxd4 10. Nxd4 Nxe5 11. Bf3 Nxf3+ 12. Qxf3 Bd7 13. Nc3 Be7 14. Qg3 O-O
15. Be3 e5 16. Nc2 Ne6 17. h3 Bh4 18. Qh2 Bc6 19. Nb4 Bb7 20. Nbd5 Rc8 21. b3
Nc7 22. Red1 Bg5 23. Bxg5 Qxg5 24. Nxc7 Rxc7 25. Nb5 Rd7 26. Nxa7 Rfd8 27. Nb5
d5 28. Qg3 Qxg3 29. fxg3 dxc4 30. Rxd7 Rxd7 31. bxc4 Rd2 32. a4 Rxg2+ 33. Kf1
Rh2 34. Ra3 Rxh3 35. Re3 e4 36. Nd6 Bc6 37. Nxe4 Bxa4 38. Nc3 Bc6 39. Nd5 Rh1+
40. Kf2 Kf8 41. Nxb6 Rb1 42. Nc8 Rb2+ 43. Re2 Rxe2+ 44. Kxe2 Bb7 45. Nd6 Ba6
46. Ke3 Ke7 47. c5 Ke6 48. Kf4 f6 49. Ke4 g6 50. g4 Bf1 51. Kf4 Kd5 52. Ne8 Ke6
53. Nd6 g5+ 54. Kg3 Bd3 55. Kf3 Bc2 56. Kg3 Ba4 57. Kf3 Bc6+ 58. Ke3 Ke5 59.
Nf5 Kd5 60. Ng3 Be8 61. Ne4 Ke6 62. Ng3 Kd5 63. Ne4 Bg6 64. Nxf6+ Kxc5 65. Ne4+
Kd5 66. Nxg5 h6 1/2-1/2

[Event "Madrid-ch Sub12 2022"]
[Site "Madrid ESP"]
[Date "2022.04.03"]
[Round "2.5"]
[White "Collado Perez, Marcos"]
[Black "Sanchez Villodres, Mario"]
[Result "1-0"]
[WhiteElo "1118"]
[BlackElo "1388"]
[PlyCount "69"]
[EventDate "2022.04.02"]
[EventType "swiss"]
[EventRounds "6"]
[EventCountry "ESP"]
[SourceTitle "Ajedrez en Madrid"]
[Source "lmi"]
[SourceDate "2022.07.30"]
[SourceVersion "1"]
[SourceVersionDate "2022.07.30"]
[SourceQuality "1"]

1. c4 c5 2. g3 Nc6 3. Bg2 g6 4. Nc3 Bg7 5. e3 e6 6. Nge2 Nge7 7. b3 O-O 8. Ba3
d6 9. O-O b6 10. d4 Rb8 11. Rc1 a6 12. d5 Ne5 13. h3 Nf5 14. Qd2 h5 15. f4 Nd7
16. e4 Nd4 17. dxe6 fxe6 18. Bb2 Qe7 19. Nxd4 Bxd4+ 20. Kh2 Qh7 21. Ne2 Bxb2
22. Qxb2 Qe7 23. Rcd1 Bb7 24. Qd2 Nf6 25. Qxd6 Qf7 26. e5 Bxg2 27. Kxg2 Rfd8
28. Qxd8+ Rxd8 29. Rxd8+ Ne8 30. Rfd1 Qb7+ 31. Kf2 Kf8 32. R1d7 Qh1 33. Rh7 Kg8
34. Re7 Qh2+ 35. Ke1 1-0

[Event "Madrid-ch Sub12 2022"]
[Site "Madrid ESP"]
[Date "2022.04.03"]
[Round "2.6"]
[White "Bozhkov Stoyanov, Cristopher"]
[Black "Pantiga Aguilar, Alejandro"]
[Result "1-0"]
[WhiteElo "1395"]
[BlackElo "1130"]
[PlyCount "53"]
[EventDate "2022.04.02"]
[EventType "swiss"]
[EventRounds "6"]
[EventCountry "ESP"]
[SourceTitle "Ajedrez en Madrid"]
[Source "lmi"]
[SourceDate "2022.07.30"]
[SourceVersion "1"]
[SourceVersionDate "2022.07.30"]
[SourceQuality "1"]

1. d4 d5 2. c4 Nf6 3. Nf3 e6 4. e3 c5 5. b3 Nc6 6. Bb2 Be7 7. Nbd2 O-O 8. Bd3
b6 9. a3 Bb7 10. Qc2 cxd4 11. Nxd4 Nxd4 12. Bxd4 g6 13. O-O Qd6 14. Qb2 Qd8 15.
Rac1 Re8 16. c5 bxc5 17. Bxc5 Bxc5 18. Rxc5 Qe7 19. Rfc1 Nd7 20. Rc7 Rab8 21.
Qd4 Qxa3 22. R1c2 Nb6 23. Qf6 Rf8 24. Nf3 Qb4 25. Ng5 Qe1+ 26. Bf1 Ba6 27. Rc1
1-0

[Event "Madrid-ch Sub12 2022"]
[Site "Madrid ESP"]
[Date "2022.04.03"]
[Round "2.7"]
[White "Lopez Lopez, Pablo"]
[Black "Ibañez Valentin, Gabriel"]
[Result "0-1"]
[WhiteElo "1238"]
[BlackElo "1105"]
[PlyCount "106"]
[EventDate "2022.04.02"]
[EventType "swiss"]
[EventRounds "6"]
[EventCountry "ESP"]
[SourceTitle "Ajedrez en Madrid"]
[Source "lmi"]
[SourceDate "2022.07.30"]
[SourceVersion "1"]
[SourceVersionDate "2022.07.30"]
[SourceQuality "1"]

1. d4 d5 2. c4 c6 3. Nc3 Nf6 4. Bf4 Bf5 5. e3 e6 6. Nf3 Bd6 7. Bxd6 Qxd6 8. c5
Qd8 9. Be2 Ne4 10. Qb3 Qc7 11. O-O Nd7 12. Nxe4 Bxe4 13. Nd2 Nf6 14. Nxe4 Nxe4
15. Rfd1 b6 16. Rac1 bxc5 17. dxc5 Rb8 18. Qa3 Qb7 19. Re1 O-O 20. b3 Rfd8 21.
Ba6 Qb4 22. Qxb4 Rxb4 23. Bd3 a5 24. Red1 Ra8 25. Bxe4 Rxe4 26. Ra1 a4 27. bxa4
Rexa4 28. Rdb1 g6 29. g3 R8a5 30. Rc1 Rxa2 31. Rab1 Ra6 32. Rb6 R2a4 33. Rxa6
Rxa6 34. Rb1 Ra5 35. Rc1 Kg7 36. Kf1 Kf6 37. Ke2 Kf5 38. Kf3 e5 39. g4+ Kg5 40.
e4 d4 41. h3 f5 42. h4+ Kf6 43. exf5 gxf5 44. g5+ Kg6 45. Kg3 h6 46. f4 e4 47.
gxh6 Kxh6 48. Kf2 Kh5 49. Rd1 Kxh4 50. Rxd4 Rxc5 51. Rd6 Kg4 52. Ke3 Rc3+ 53.
Kd4 Rd3+ 0-1

[Event "Madrid-ch Sub12 2022"]
[Site "Madrid ESP"]
[Date "2022.04.03"]
[Round "2.8"]
[White "Morales Clares, Aaron"]
[Black "Rico Ropero, Marcos"]
[Result "0-1"]
[WhiteElo "1130"]
[BlackElo "1231"]
[PlyCount "50"]
[EventDate "2022.04.02"]
[EventType "swiss"]
[EventRounds "6"]
[EventCountry "ESP"]
[SourceTitle "Ajedrez en Madrid"]
[Source "lmi"]
[SourceDate "2022.07.30"]
[SourceVersion "1"]
[SourceVersionDate "2022.07.30"]
[SourceQuality "1"]

1. e4 e5 2. Nf3 Nc6 3. Bc4 Nf6 4. Ng5 d5 5. exd5 Na5 6. Bb5+ c6 7. dxc6 bxc6 8.
Bd3 h6 9. Ne4 Nxe4 10. Bxe4 Bc5 11. O-O Qh4 12. Qf3 Bb7 13. d3 O-O 14. Qf5 g6
15. Qxe5 Bb6 16. b4 Rfe8 17. Qc3 Rad8 18. bxa5 Bd4 19. Qb3 Bxa1 20. Qxb7 Rb8
21. Qxc6 Rec8 22. Qd7 Rd8 23. Bg5 Qxg5 24. Qxa7 Bd4 25. Na3 Bxa7 0-1

[Event "Madrid-ch Sub12 2022"]
[Site "Madrid ESP"]
[Date "2022.04.03"]
[Round "3.1"]
[White "Rey Martinez, Jaime"]
[Black "Feal Albala, Alonso"]
[Result "0-1"]
[WhiteElo "2133"]
[BlackElo "1842"]
[PlyCount "62"]
[EventDate "2022.04.02"]
[EventType "swiss"]
[EventRounds "6"]
[EventCountry "ESP"]
[SourceTitle "Ajedrez en Madrid"]
[Source "lmi"]
[SourceDate "2022.07.30"]
[SourceVersion "1"]
[SourceVersionDate "2022.07.30"]
[SourceQuality "1"]

1. e4 c5 2. Nf3 Nc6 3. d4 cxd4 4. Nxd4 Nf6 5. Nc3 e5 6. Ndb5 d6 7. Bg5 a6 8.
Na3 b5 9. Bxf6 gxf6 10. Nd5 f5 11. g3 fxe4 12. Bg2 Be6 13. Bxe4 Bg7 14. Qh5 Rc8
15. O-O Ne7 16. Nxe7 Qxe7 17. Rad1 Qd7 18. f4 Bg4 19. Qg5 f6 20. Qh4 Bxd1 21.
Rxd1 f5 22. Qh5+ Qf7 23. Qh3 exf4 24. Bd5 Qg6 25. Re1+ Be5 26. Qh4 Rc5 27. Bb3
Kd7 28. Rd1 fxg3 29. Qb4 gxh2+ 30. Kh1 Qh5 31. Rf1 Qe2 0-1

[Event "Madrid-ch Sub12 2022"]
[Site "Madrid ESP"]
[Date "2022.04.03"]
[Round "3.2"]
[White "Jimenez Carrazoni, Marta Elena"]
[Black "Herraiz Ciudad, Miguel"]
[Result "1-0"]
[WhiteElo "1528"]
[BlackElo "1426"]
[PlyCount "77"]
[EventDate "2022.04.02"]
[EventType "swiss"]
[EventRounds "6"]
[EventCountry "ESP"]
[SourceTitle "Ajedrez en Madrid"]
[Source "lmi"]
[SourceDate "2022.07.30"]
[SourceVersion "1"]
[SourceVersionDate "2022.07.30"]
[SourceQuality "1"]

1. d4 Nf6 2. Nc3 d5 3. Bf4 a6 4. e3 e6 5. Bd3 c5 6. dxc5 Bxc5 7. Nf3 O-O 8. O-O
Nc6 9. e4 dxe4 10. Nxe4 Nxe4 11. Bxe4 h6 12. Qxd8 Rxd8 13. Rad1 Re8 14. Bxc6
bxc6 15. Ne5 f6 16. Nxc6 e5 17. Be3 Bxe3 18. fxe3 a5 19. b4 axb4 20. Nxb4 Ba6
21. Nxa6 Rxa6 22. Ra1 Rea8 23. Rfc1 Rxa2 24. Rxa2 Rxa2 25. Kf2 Kf7 26. Kf3 Ra5
27. c4 Rc5 28. Ke4 Ke6 29. Kd3 Ra5 30. c5 Kd7 31. Ke4 Kc6 32. Kf5 Ra2 33. Rg1
Kxc5 34. h4 Kc4 35. Kg6 Kd3 36. Kxg7 Kxe3 37. Kxf6 e4 38. g4 Kd2 39. Rg2+ 1-0

[Event "Madrid-ch Sub12 2022"]
[Site "Madrid ESP"]
[Date "2022.04.03"]
[Round "3.3"]
[White "Mata Medina, Andres"]
[Black "Collado Perez, Marcos"]
[Result "1-0"]
[WhiteElo "1439"]
[BlackElo "1118"]
[PlyCount "73"]
[EventDate "2022.04.02"]
[EventType "swiss"]
[EventRounds "6"]
[EventCountry "ESP"]
[SourceTitle "Ajedrez en Madrid"]
[Source "lmi"]
[SourceDate "2022.07.30"]
[SourceVersion "1"]
[SourceVersionDate "2022.07.30"]
[SourceQuality "1"]

1. d4 Nf6 2. c4 g6 3. Nc3 d5 4. cxd5 Nxd5 5. e4 Nxc3 6. bxc3 Bg7 7. Nf3 c5 8.
Be3 Nc6 9. Rc1 Qa5 10. Qd2 O-O 11. d5 Rd8 12. c4 Qxd2+ 13. Kxd2 b6 14. Ke1 Ne5
15. Nxe5 Bxe5 16. f4 Bg7 17. e5 f6 18. e6 Ba6 19. a4 Rab8 20. Be2 Bf8 21. g4 h6
22. h4 h5 23. gxh5 gxh5 24. Bxh5 Bh6 25. Bf7+ Kh7 26. Rg1 Rf8 27. Kf2 f5 28. h5
Rbc8 29. Rg6 Rb8 30. Bd2 Rbc8 31. Rc2 Rb8 32. Bc1 Rbc8 33. Ke3 Rc7 34. Bb2 Bc8
35. Be5 Rb7 36. Rcg2 a6 37. Rxh6+ 1-0

[Event "Madrid-ch Sub12 2022"]
[Site "Madrid ESP"]
[Date "2022.04.03"]
[Round "3.4"]
[White "Ibañez Valentin, Gabriel"]
[Black "Melgar Morraja, Mateo"]
[Result "1/2-1/2"]
[WhiteElo "1105"]
[BlackElo "1463"]
[PlyCount "47"]
[EventDate "2022.04.02"]
[EventType "swiss"]
[EventRounds "6"]
[EventCountry "ESP"]
[SourceTitle "Ajedrez en Madrid"]
[Source "lmi"]
[SourceDate "2022.07.30"]
[SourceVersion "1"]
[SourceVersionDate "2022.07.30"]
[SourceQuality "1"]

1. e4 e6 2. d4 d5 3. exd5 exd5 4. Nf3 Bd6 5. Bd3 Nf6 6. c3 Bg4 7. Bg5 Nbd7 8.
Nbd2 O-O 9. O-O c6 10. Re1 Qc7 11. Qc2 Rfe8 12. h3 Bh5 13. a4 a5 14. Rxe8+ Rxe8
15. Re1 Rxe1+ 16. Nxe1 Bg6 17. Bxg6 fxg6 18. Nef3 Nf8 19. Qd3 Ne6 20. Qe2 Qf7
21. Ne5 Bxe5 22. Qxe5 Nxg5 23. Qxg5 Qe6 24. Qe3 1/2-1/2

[Event "Madrid-ch Sub12 2022"]
[Site "Madrid ESP"]
[Date "2022.04.03"]
[Round "3.5"]
[White "Rico Ropero, Marcos"]
[Black "Zhao, Yuyang"]
[Result "1-0"]
[WhiteElo "1231"]
[BlackElo "1438"]
[PlyCount "65"]
[EventDate "2022.04.02"]
[EventType "swiss"]
[EventRounds "6"]
[EventCountry "ESP"]
[SourceTitle "Ajedrez en Madrid"]
[Source "lmi"]
[SourceDate "2022.07.30"]
[SourceVersion "1"]
[SourceVersionDate "2022.07.30"]
[SourceQuality "1"]

1. d4 c5 2. c3 Nc6 3. e3 e6 4. Bd3 d5 5. f4 Nf6 6. Nd2 Be7 7. Ngf3 Bd7 8. O-O
Qc7 9. Ne5 h5 10. Qf3 Bd6 11. b3 Rf8 12. Nxd7 Qxd7 13. Ba3 b6 14. dxc5 bxc5 15.
c4 g5 16. fxg5 Ng4 17. g3 Nce5 18. Qe2 Nxd3 19. Qxd3 d4 20. exd4 cxd4 21. Bxd6
Qxd6 22. Ne4 Qe5 23. Qf3 Ne3 24. Nf6+ Ke7 25. Qb7+ Kd6 26. Ne4+ Qxe4 27. Qxe4
Nxf1 28. Qxd4+ Kc6 29. Rxf1 Rfd8 30. Qe4+ Kb6 31. Rxf7 Rd1+ 32. Kg2 Rad8 33.
Rb7+ 1-0